Gāndhījī ke uttarādhikārī. (Record no. 70087)

MARC details
000 -LEADER
fixed length control field 00595cam a22002291 4500
001 - CONTROL NUMBER
control field sa 66005660
003 - CONTROL NUMBER IDENTIFIER
control field DLC
005 - DATE AND TIME OF LATEST TRANSACTION
control field 20260227112251.0
008 - FIXED-LENGTH DATA ELEMENTS--GENERAL INFORMATION
fixed length control field 890725s1966 ii c 000 0 hino
010 ## - LIBRARY OF CONGRESS CONTROL NUMBER
LC control number sa 66005660
035 ## - SYSTEM CONTROL NUMBER
System control number (OCoLC)20067163
040 ## - CATALOGING SOURCE
Original cataloging agency DLC
Transcribing agency WaU
Modifying agency DLC
042 ## - AUTHENTICATION CODE
Authentication code premarc
050 00 - LIBRARY OF CONGRESS CALL NUMBER
Classification number DS481.P35
Item number T5
100 1# - MAIN ENTRY--PERSONAL NAME
Personal name Tiwari, Kamlakar.
245 10 - TITLE STATEMENT
Title Gāndhījī ke uttarādhikārī.
260 ## - PUBLICATION, DISTRIBUTION, ETC.
Date of publication, distribution, etc. [1966]
300 ## - PHYSICAL DESCRIPTION
Extent 75, 9-100 p.
Other physical details ports.
Dimensions 18 cm.
500 ## - GENERAL NOTE
General note In Hindi.
600 10 - SUBJECT ADDED ENTRY--PERSONAL NAME
Personal name Patel, Vallabhbhai,
Dates associated with a name 1875-1950.
600 10 - SUBJECT ADDED ENTRY--PERSONAL NAME
Personal name Nehru, Jawaharlal,
Dates associated with a name 1889-1964.

No items available.

Powered by Koha